<?xml version="1.0" encoding="UTF-8"?>
<record
    xmlns:xsi="http://www.w3.org/2001/XMLSchema-instance"
    xsi:schemaLocation="http://www.loc.gov/MARC21/slim http://www.loc.gov/standards/marcxml/schema/MARC21slim.xsd"
    xmlns="http://www.loc.gov/MARC21/slim">

  <leader>02737nam a2200313 i 4500</leader>
  <controlfield tag="001">Rebiun35928386</controlfield>
  <controlfield tag="007">ta</controlfield>
  <controlfield tag="008">240508s2023    sp a     bi   001 0 spa d</controlfield>
  <datafield tag="020" ind1=" " ind2=" ">
    <subfield code="a">9788411571456</subfield>
  </datafield>
  <datafield tag="040" ind1=" " ind2=" ">
    <subfield code="c">tbs</subfield>
  </datafield>
  <datafield tag="041" ind1=" " ind2=" ">
    <subfield code="a">spa </subfield>
  </datafield>
  <datafield tag="100" ind1=" " ind2=" ">
    <subfield code="a">Dorado, Mar&#xED;a Dolores</subfield>
    <subfield code="e">author</subfield>
    <subfield code="9">26163</subfield>
  </datafield>
  <datafield tag="245" ind1="1" ind2="0">
    <subfield code="a">Talentos</subfield>
    <subfield code="b">: clases de espa&#xF1;ol profesional A1-B1</subfield>
    <subfield code="c">: Mar&#xED;a Dolores Dorado Debeza, Cal&#xED;ope Dafne M&#xE1;rquez S&#xE1;nchez, Esther Ramos G&#xF3;mez, Francisco Javier Ucl&#xE9;s S&#xE1;nchez.</subfield>
  </datafield>
  <datafield tag="250" ind1=" " ind2=" ">
    <subfield code="a">Hybrid edition.</subfield>
  </datafield>
  <datafield tag="260" ind1=" " ind2=" ">
    <subfield code="a">Barcelona : </subfield>
    <subfield code="b">Difusi&#xF3;n, </subfield>
    <subfield code="c">2024.</subfield>
  </datafield>
  <datafield tag="300" ind1=" " ind2=" ">
    <subfield code="a">191 pages : </subfield>
    <subfield code="b">illustrations (color) ; </subfield>
    <subfield code="c">30 cm.</subfield>
  </datafield>
  <datafield tag="500" ind1=" " ind2=" ">
    <subfield code="a">Digital resources: Videos, Audio, Glossaries, Transcripts, and Answer Keys</subfield>
  </datafield>
  <datafield tag="505" ind1=" " ind2=" ">
    <subfield code="a">Digital resources: Videos, Audio, Glossaries, Transcripts, and Answer Keys</subfield>
  </datafield>
  <datafield tag="520" ind1=" " ind2=" ">
    <subfield code="a">Talentos es un curso dirigido a j&#xF3;venes y adultos que actualmente est&#xE1;n trabajando o van a trabajar en un entorno donde necesitan el espa&#xF1;ol y que realizan sus estudios en universidades, escuelas de negocios, centros de formaci&#xF3;n profesional u otro tipo de instituci&#xF3;n. 

Dise&#xF1;ado para complementar cualquier manual de ELE, este curso te ofrece:

&#x2022; seis unidades de actividades para la clase y sus correspondientes unidades del cuaderno de ejercicios;

&#x2022; un anexo cultural;

&#x2022; tres modelos de ex&#xE1;menes DELE (A1, A2 y B1);

&#x2022; Mp3 descargable gratuito: difusion.com/audio-talentos.

El libro Talentos es una Edici&#xF3;n h&#xED;brida que contiene un c&#xF3;digo de acceso de 12 meses al entorno digital de este curso en Campus Difusi&#xF3;n.</subfield>
  </datafield>
  <datafield tag="520" ind1=" " ind2=" ">
    <subfield code="a">Talentos is a course designed for young adults and adults who are currently working or preparing to work in an environment where Spanish is needed, and who are studying at universities, business schools, vocational training centers, or other institutions.

Designed to complement any Spanish as a Foreign Language (ELE) textbook, this course offers you:

&#x2022; Six classroom activity units and their corresponding workbook units
&#x2022; A cultural appendix
&#x2022; Three DELE exam models (A1, A2, and B1)
&#x2022; Free downloadable Mp3s: difusion.com/audio-talentos

The Talentos book is a hybrid edition that includes a 12-month access code to the digital learning environment of this course on Campus Difusi&#xF3;n.</subfield>
  </datafield>
  <datafield tag="650" ind1=" " ind2="0">
    <subfield code="a">Spanish language</subfield>
    <subfield code="x">Business Spanish</subfield>
    <subfield code="9">26156</subfield>
  </datafield>
  <datafield tag="650" ind1=" " ind2="0">
    <subfield code="a">Spanish language</subfield>
    <subfield code="v">Composition and exercises</subfield>
    <subfield code="9">26157</subfield>
  </datafield>
  <datafield tag="650" ind1=" " ind2="0">
    <subfield code="a">Spanish language</subfield>
    <subfield code="x">Study and teaching</subfield>
    <subfield code="9">26155</subfield>
  </datafield>
  <datafield tag="650" ind1=" " ind2="0">
    <subfield code="a">Spanish language </subfield>
    <subfield code="x">Textbooks for foreign speakers</subfield>
    <subfield code="9">12081</subfield>
  </datafield>
  <datafield tag="700" ind1=" " ind2=" ">
    <subfield code="a">M&#xE1;rquez S&#xE1;nchez, Cal&#xED;ope Dafne</subfield>
    <subfield code="e">author</subfield>
    <subfield code="9">26164</subfield>
  </datafield>
  <datafield tag="700" ind1=" " ind2=" ">
    <subfield code="a">Ramos G&#xF3;mez, Esther</subfield>
    <subfield code="e">author</subfield>
    <subfield code="9">26165</subfield>
  </datafield>
  <datafield tag="700" ind1=" " ind2=" ">
    <subfield code="a">Ucl&#xE9;s S&#xE1;nchez, Francisco Javier</subfield>
    <subfield code="e">author</subfield>
    <subfield code="9">26166</subfield>
  </datafield>
  <datafield tag="942" ind1=" " ind2=" ">
    <subfield code="2">lcc</subfield>
  </datafield>
  <datafield tag="952" ind1=" " ind2=" ">
    <subfield code="0">0</subfield>
    <subfield code="1">0</subfield>
    <subfield code="2">lcc</subfield>
    <subfield code="4">0</subfield>
    <subfield code="7">0</subfield>
    <subfield code="a">TBS</subfield>
    <subfield code="b">TBS</subfield>
    <subfield code="d">2025-10-14</subfield>
    <subfield code="l">0</subfield>
    <subfield code="o">P-SP LEARN DOR</subfield>
    <subfield code="p">B07689</subfield>
    <subfield code="r">2025-10-14</subfield>
    <subfield code="t">1</subfield>
    <subfield code="w">2025-10-14</subfield>
    <subfield code="y">SPANISH</subfield>
  </datafield>
  <datafield tag="999" ind1=" " ind2=" ">
    <subfield code="c">5047</subfield>
    <subfield code="d">5047</subfield>
  </datafield>
</record>
